Southville International School and Colleges
Your cart is empty.
  • Cart
  • Lists
    Public lists Eva Luna New books Lux_list list_1
    Your lists Log in to create your own lists
  • Log in to your account
  • Your cookies
  • Search history
Southville International School and Colleges
  • Advanced search
  • Recent comments
  • Most popular
  • Libraries

Log in to your account

Log in with GOOGLE


If you do not have an external account, but do have a local account, you can still log in:

  1. Home
  2. MARC view: Internet marketing
Normal view MARC view ISBD view

Internet marketing (Record no. 367423)

[ view plain ]
MARC details
000 -LEADER
fixed length control field 00713nam a22002297a 4500
003 - CONTROL NUMBER IDENTIFIER
control field 0
005 - DATE AND TIME OF LATEST TRANSACTION
control field 20250426144925.0
008 - FIXED-LENGTH DATA ELEMENTS--GENERAL INFORMATION
fixed length control field 250426b xxu||||| |||| 00| 0 eng d
020 ## - INTERNATIONAL STANDARD BOOK NUMBER
International Standard Book Number 978-621-427-086-6
050 ## - LIBRARY OF CONGRESS CALL NUMBER
Classification number HF 5415
Item number .Ac25 2022
100 ## - MAIN ENTRY--PERSONAL NAME
Personal name Acierto, Marife Agustin
245 ## - TITLE STATEMENT
Title Internet marketing
Statement of responsibility, etc Marife Agustin Acierto
260 ## - PUBLICATION, DISTRIBUTION, ETC. (IMPRINT)
Place of publication, distribution, etc Manila
Name of publisher, distributor, etc Unlimited Books Library Services & Publishing Inc.
Date of publication, distribution, etc c2022
300 ## - PHYSICAL DESCRIPTION
Extent x, 221 pages ;
Dimensions 26cm.
504 ## - BIBLIOGRAPHY, ETC. NOTE
Bibliography, etc Includes bibliographical references.
650 ## - SUBJECT ADDED ENTRY--TOPICAL TERM
Topical term or geographic name as entry element Internet marketing.
650 ## - SUBJECT ADDED ENTRY--TOPICAL TERM
Topical term or geographic name as entry element Electronic commerce.
650 ## - SUBJECT ADDED ENTRY--TOPICAL TERM
Topical term or geographic name as entry element Social media—Marketing.
650 ## - SUBJECT ADDED ENTRY--TOPICAL TERM
Topical term or geographic name as entry element Online advertising.
700 ## - ADDED ENTRY--PERSONAL NAME
Personal name Acierto, Gilfred Abad
942 ## - ADDED ENTRY ELEMENTS (KOHA)
Source of classification or shelving scheme Library of Congress Classification
Koha item type Books
Holdings
Withdrawn status Lost status Source of classification or shelving scheme Damaged status Home library Current library Shelving location Date acquired Source of acquisition Sub Shelving location Total Checkouts Full call number Barcode Date last seen Price effective from Koha item type
    Library of Congress Classification   College Library College Library Filipiniana Section 04/26/2025 Library Fund     HF 5415 .Ac25 2022 C24413 04/26/2025 04/26/2025 Books
    Library of Congress Classification   College Library College Library Filipiniana Section 04/26/2025 Library Fund     HF 5415 .Ac25 2022 C24414 04/26/2025 04/26/2025 Books
    Library of Congress Classification   College Library College Library Filipiniana Section 04/26/2025 Library Fund     HF 5415 .Ac25 2022 C24412 04/26/2025 04/26/2025 Books

Internet marketing

APA

Acierto M. A., Acierto G. A., . (2022). Internet marketing. Manila: Unlimited Books Library Services & Publishing Inc.

Chicago

Acierto Marife Agustin, Acierto Gilfred Abad, . 2022. Internet marketing. Manila: Unlimited Books Library Services & Publishing Inc.

Harvard

Acierto M. A., Acierto G. A., . (2022). Internet marketing. Manila: Unlimited Books Library Services & Publishing Inc.

MLA

Acierto Marife Agustin, Acierto Gilfred Abad, . Internet marketing. Manila: Unlimited Books Library Services & Publishing Inc. 2022.

  • Place hold
  • Print
  • Cite
  • Add to your cart (remove)
  • Save record
    BIBTEX Dublin Core MARCXML MARC (non-Unicode/MARC-8) MARC (Unicode/UTF-8) MARC (Unicode/UTF-8, Standard) MODS (XML) RIS
  • More searches
    Search for this title in:
    Other Libraries (WorldCat) Other Databases (Google Scholar) Online Stores (Bookfinder.com) Open Library (openlibrary.org)

Exporting to Dublin Core...

SOUTHVILLE LIBRARY

Southville International School and Colleges Library

1281 Tropical Ave. Cor. Luxembourg St., BF Homes International, Las Pinas City

Tel. No. 8256374 / 252358 Loc. 117/146

Powered by Koha